| 000 | 00523cam a22002172a 4500 | ||
|---|---|---|---|
| 001 | 009392 | ||
| 003 | AR-FADEU | ||
| 008 | 311216n1994####xxu####################dd | ||
| 020 | _a9686776095 | ||
| 092 |
_a701.8 _bB294 |
||
| 100 | _aBartra, Eli | ||
| 245 | _aEn busca de las diablas : sobre arte popular y genero | ||
| 260 | _aMéxico | ||
| 260 | _bTava | ||
| 260 | _bUnidad Xochimilco | ||
| 260 | _c1994 | ||
| 300 | _a117 p. : il | ||
| 500 | _aIncluye bibliografĂa | ||
| 650 | _aARTE POPULAR | ||
| 942 | _cBDGR | ||
| 999 |
_c15189 _d15189 |
||